The John Romita sketchbook /

"The John Romita Sketchbook reveals the legendary superhero art, classic advertising designs, unpublished personal works and fabulous "good girl" graphics of John Romita, Sr., arguably the artist most associated with the legendary Spider-Man, and who has also drawn every major Marvel...

Full description

Bibliographic Details
Other Authors: Romita, John, 1930-, Spurlock, J. David
Format: Book
Language:English
Published: Lebanon, NJ : Vanguard Productions, [2002]
Series:Popular artist sketchbook series.
Subjects:

MARC

Tag First Indicator Second Indicator Subfields
LEADER 00000cam a2200000Ia 4500
001 in00004351213
005 20201121130731.0
008 201110s2002 njua 000 0beng d
040 |a BGU  |b eng  |c BGU  |d OCLCQ  |d BAKER  |d YDXCP  |d OCLCF  |d OCLCO  |d OCLCQ  |d OCL  |d ERE  |d OCL  |d OCLCO  |d NZAUC  |d OCLCA  |d TXA 
020 |a 188759129X  |q (trade paperback) 
020 |a 9781887591294  |q (trade paperback) 
020 |a 1887591273  |q (hardcover) 
020 |a 9781887591270  |q (hardcover) 
020 |z 1887591281  |q (signed deluxe limited) 
020 |z 9781887591287  |q (signed deluxe limited) 
035 |a (OCoLC)50421655 
043 |a n-us--- 
050 4 |a NC1429.R757  |b A4 2002 
100 1 |a Romita, John,  |d 1930-  |e artist. 
245 1 4 |a The John Romita sketchbook /  |c by J. David Spurlock & John Romita ; introduction by Stan Lee. 
246 1 4 |a John Romita sketch book 
246 3 0 |a Sketchbook 
264 1 |a Lebanon, NJ :  |b Vanguard Productions,  |c [2002] 
300 |a 111 pages :  |b illustrations ;  |c 26 cm. 
336 |a text  |b txt  |2 rdacontent 
337 |a unmediated  |b n  |2 rdamedia 
338 |a volume  |b nc  |2 rdacarrier 
490 1 |a Popular artist sketchbook series 
520 |a "The John Romita Sketchbook reveals the legendary superhero art, classic advertising designs, unpublished personal works and fabulous "good girl" graphics of John Romita, Sr., arguably the artist most associated with the legendary Spider-Man, and who has also drawn every major Marvel Comics character. This incredible reference features hundreds of vintage, new, and never-before-published drawings of his famous characters, renowned villains, popular heroes, and one-of-a-kind designs-along with captivating insight into this master artist's career and creative genius."--Publisher description. 
600 1 0 |a Romita, John,  |d 1930-  |v Notebooks, sketchbooks, etc. 
600 1 0 |a Romita, John,  |d 1930-  |v Interviews. 
600 1 7 |a Romita, John,  |c Jr.  |2 fast  |0 (OCoLC)fst00360431 
650 0 |a Illustrators  |z United States  |v Interviews. 
650 0 |a Graphic novels  |v Illustrations. 
650 0 |a Comic books, strips, etc.  |v Illustrations. 
650 7 |a Comic books, strips, etc.  |2 fast  |0 (OCoLC)fst00869145 
650 7 |a Graphic novels.  |2 fast  |0 (OCoLC)fst00946656 
650 7 |a Illustrators.  |2 fast  |0 (OCoLC)fst00967426 
651 7 |a United States.  |2 fast  |0 (OCoLC)fst01204155 
655 7 |a Illustrated works.  |2 fast  |0 (OCoLC)fst01423873 
655 7 |a Interviews.  |2 fast  |0 (OCoLC)fst01423832 
700 1 |a Romita, John,  |d 1930- 
700 1 |a Spurlock, J. David. 
700 1 |a Lee, Stan,  |d 1922-2018,  |e writer of introduction. 
830 0 |a Popular artist sketchbook series. 
938 |a Baker & Taylor  |b BKTY  |c 16.95  |d 12.71  |i 188759129X  |n 0003877379  |s active 
938 |a YBP Library Services  |b YANK  |n 1855657 
994 |a C0  |b TXA 
948 |a cataloged  |b h  |c 2020/11/21  |d c  |e nbehmer  |f 1:06:49 pm 
999 f f |s 619ceb7d-9e4e-3f88-83ff-0944563d2ed3  |i 6d3d052e-f1d6-32c4-9ba6-2ef36967579c  |t 0 
952 f f |p noncirc  |a Texas A&M University  |b College Station  |c Cushing Memorial Library & Archives  |d Cushing: Science Fiction (Does not check out)  |t 0  |e NC1429.R757 A4 2002  |h Library of Congress classification  |i unmediated -- volume 
998 f f |a NC1429.R757 A4 2002  |t 0  |l Cushing: Science Fiction (Does not check out)